वेयर डू आई बिलांगः (Record no. 50288)

MARC details
000 -LEADER
fixed length control field 02579nam a22003617a 4500
005 - DATE AND TIME OF LATEST TRANSACTION
control field 20110201162643.0
008 - FIXED-LENGTH DATA ELEMENTS--GENERAL INFORMATION
fixed length control field 110127t xxu||||| |||| 00| 0 hin d
010 ## - LCCN (DPL NO)
LC control number HIN-91737 B-450284-287
020 ## - INTERNATIONAL STANDARD BOOK NUMBER
Terms of availability 390.00
International Standard Book Number 9788126318780
035 ## - SYSTEM CONTROL NUMBER
System control number HN-64083 B-450284-287
037 ## - SOURCE OF ACQUISITION
Source of stock number/acquisition DBAD / PUB
037 ## - SOURCE OF ACQUISITION
Source of stock number/acquisition विर्चुअस
040 ## - CATALOGING SOURCE
Original cataloging agency DPL
Language of cataloging HN
082 ## - DEWEY DECIMAL CLASSIFICATION NUMBER
Classification number
100 ## - MAIN ENTRY--PERSONAL NAME
9 (RLIN) 25632
Personal name पैन्यूली, अर्चना
245 ## - TITLE STATEMENT
Title वेयर डू आई बिलांगः
Statement of responsibility, etc अर्चना पैन्यूली
Remainder of title मेरा घर कहाँ है /
246 ## - VARYING FORM OF TITLE
Title proper/short title Where do i Belong
Remainder of title by Archana Painuly
260 ## - PUBLICATION, DISTRIBUTION, ETC. (IMPRINT)
Place of publication, distribution, etc नई दिल्ली
Name of publisher, distributor, etc भारतीय ज्ञानपीठ
Date of publication, distribution, etc 2010
270 ## - ADDRESS
Address 18, इंन्स्टीटयूशनल एरिया, लोदी रोड
City नई दिल्ली
Postal code 110003
300 2# - PHYSICAL DESCRIPTION
Extent 391पृ.
Dimensions 22सेमी (सजिल्द)
490 ## - SERIES STATEMENT
Series statement लोकोदय ग्रन्थमालाः ग्रन्थांक 1025; रवीन्द्र कालिया
-- 43802
650 ## - SUBJECT ADDED ENTRY--TOPICAL TERM
9 (RLIN) 657
Topical term or geographic name as entry element हिन्दी कथा साहित्य
650 ## - SUBJECT ADDED ENTRY--TOPICAL TERM
9 (RLIN) 25656
700 ## - ADDED ENTRY--PERSONAL NAME
9 (RLIN) 25634
700 ## - ADDED ENTRY--PERSONAL NAME
9 (RLIN) 25670
942 ## - ADDED ENTRY ELEMENTS (KOHA)
Source of classification or shelving scheme Dewey Decimal Classification
Item type Hindi Books
Classification part
Call number suffix पैन्यूली
Holdings
Withdrawn status Lost status Source of classification or shelving scheme Damaged status Not for loan Collection code Home library Current library Date acquired Source of acquisition Cost, normal purchase price Total Checkouts Full call number Barcode Date last seen Copy number Cost, replacement price Koha item type
    Dewey Decimal Classification     Fiction Central Library Central Library 10/02/2012 वर्चुअस/681/4.10.11/12/15.9.11/11.11.11 390.00   उ पैन्यूली B-450284 10/02/2012 1 390.00 Hindi Books
    Dewey Decimal Classification   Not For Loan Fiction D.B.Act.Division D.B.Act.Division 02/02/2011 DBAD /PUB 390.00   उ पैन्यूली HN-64083 02/02/2011 1 390.00 Hindi Books
    Dewey Decimal Classification     Fiction Karol Bagh Karol Bagh 10/02/2012 वर्चुअस/681/4.10.11/12/15.9.11/11.11.11 390.00   उ पैन्यूली B-450287 10/02/2012 1 390.00 Hindi Books
    Dewey Decimal Classification     Fiction Patel Nagar Patel Nagar 10/02/2012 वर्चुअस/681/4.10.11/12/15.9.11/11.11.11 390.00   उ पैन्यूली B-450285 10/02/2012 1 390.00 Hindi Books
    Dewey Decimal Classification     Fiction Sarojini Nagar Sarojini Nagar 10/02/2012 वर्चुअस/681/4.10.11/12/15.9.11/11.11.11 390.00 3 उ पैन्यूली B-450286 21/04/2026 1 390.00 Hindi Books

© Delhi Public Library
Hit Counter
free hit counter